Stav a vývoj sociodemografickej štruktúry pracovných síl v poľnohospodárstve

Poľnohospodársky census. Pracovné sily v poľnohospodárstve. Vzdelanostná štruktúra, priemerný vek, sociodemografická štruktúra. Farmy právnických a fyzických osôb. Veková štruktúra farmárov v EÚ.

Na minha lista:
Detalhes bibliográficos
Autor principal: Buchta, Stanislav
Formato: Capítulo de Livro
Idioma:eslovaco
Assuntos:
Tags: Adicionar Tag
Sem tags, seja o primeiro a adicionar uma tag!

MARC

LEADER 00000naa a2200000 4500
001 r049607
005 20231004074652.6
041 0 |a slo 
044 |a SK 
245 1 0 |a Stav a vývoj sociodemografickej štruktúry pracovných síl v poľnohospodárstve  |c Stanislav Buchta 
520 |a Poľnohospodársky census. Pracovné sily v poľnohospodárstve. Vzdelanostná štruktúra, priemerný vek, sociodemografická štruktúra. Farmy právnických a fyzických osôb. Veková štruktúra farmárov v EÚ. 
610 2 0 |a bilancia síl pracovných 
610 2 0 |a sily pracovné 
610 2 0 |a štruktúra síl pracovných 
610 2 0 |a vek 
610 2 0 |a vzdelanie 
610 2 0 |a demografia 
610 2 0 |a údaje štatistické 
610 2 0 |a farmy 
610 2 0 |a Slovensko 
100 1 |a Buchta, Stanislav